[Event "IECC M1-2009.T61"]
[Site "IECC email"]
[Date "2009.05.30"]
[Round "?"]
[White "Steamboat, Brian"]
[Black "Insolia, Roberto"]
[Result "1-0"]
[WhiteElo "1973"]
[BlackElo "1951"]
[PlyCount "49"]
[EventDate "2009.??.??"]
[EventType "match (corr)"]
[EventRounds "2"]
[SourceTitle "Corr 2011"]
[Source "ChessBase"]
[SourceDate "2010.08.31"]
[SourceVersion "1"]
[SourceVersionDate "2010.08.31"]
[SourceQuality "1"]
[WhiteTeam "England"]
[BlackTeam "Italy"]
[WhiteTeamCountry "ENG"]
[BlackTeamCountry "ITA"]

1. e4 e6 2. d4 d5 3. Nc3 Nf6 4. Bg5 dxe4 5. Nxe4 Be7 6. Bxf6 gxf6 7. Nf3 f5 8. Nc3 a6 9. Qe2 b5 10. 0-0-0 b4 11. Na4 Bb7 12. Nc5 Bxc5 13. dxc5 Qe7 14. Nd4 Qxc5 15. Qh5 Bd5 16. Nxf5 Nd7 17. Ne3 Bxa2 18. Qxc5 Nxc5 19. b3 Bxb3 20. cxb3 Nxb3+ 21. Kb2 Nc5 22. Rd4 a5 23. Bb5+ Ke7 24. Rc1 e5 25. Rdd1 1-0

[Event "IECC KO-5071"]
[Site "IECC email"]
[Date "2009.05.05"]
[Round "?"]
[White "Stearns, Ron"]
[Black "Steamboat, Brian"]
[Result "0-1"]
[WhiteElo "1291"]
[BlackElo "1985"]
[PlyCount "62"]
[EventDate "2009.??.??"]
[EventType "match (corr)"]
[EventRounds "2"]
[SourceTitle "Corr 2011"]
[Source "ChessBase"]
[SourceDate "2010.08.31"]
[SourceVersion "1"]
[SourceVersionDate "2010.08.31"]
[SourceQuality "1"]
[WhiteTeam "US of America"]
[BlackTeam "England"]
[WhiteTeamCountry "USA"]
[BlackTeamCountry "ENG"]

1. Nf3 f5 2. g3 Nf6 3. Bg2 g6 4. 0-0 Bg7 5. d3 0-0 6. e4 d6 7. exf5 Bxf5 8. Nd4 Bc8 9. f3 e5 10. Nb3 a5 11. a4 Be6 12. c3 Qd7 13. Bg5 Nc6 14. Bxf6 Bxf6 15. N1d2 Bg7 16. Ne4 h6 17. Nc1 Ne7 18. Ne2 Qc6 19. f4 Qb6+ 20. Kh1 Nd5 21. Qd2 Ne3 22. Rg1 d5 23. Nf2 Rae8 24. b4 axb4 25. cxb4 exf4 26. Nxf4 Bxa1 27. Rxa1 Bd7 28. a5 Qd4 29. Rb1 g5 30. N4h3 Bxh3 31. Bxh3 Nc4 0-1

[Event "IECC M1-2009.R04"]
[Site "IECC email"]
[Date "2009.04.30"]
[Round "?"]
[White "Steamboat, Brian"]
[Black "Bascetta, Biagio J"]
[Result "1/2-1/2"]
[WhiteElo "1892"]
[BlackElo "2022"]
[PlyCount "56"]
[EventDate "2009.??.??"]
[EventType "tourn (corr)"]
[EventRounds "4"]
[SourceTitle "Corr 2011"]
[Source "ChessBase"]
[SourceDate "2010.08.31"]
[SourceVersion "1"]
[SourceVersionDate "2010.08.31"]
[SourceQuality "1"]
[WhiteTeam "England"]
[BlackTeam "Italy"]
[WhiteTeamCountry "ENG"]
[BlackTeamCountry "ITA"]

1. e4 e6 2. d4 d5 3. Nc3 Nc6 4. Nf3 Nf6 5. e5 Ne4 6. Ne2 f6 7. Ng3 fxe5 8. Bb5 exd4 9. Nxe4 dxe4 10. Nxd4 Qd5 11. Nxc6 a6 12. Ba4 Bd7 13. c4 Qxd1+ 14. Kxd1 Bc5 15. Ke2 Bxc6 16. Bxc6+ bxc6 17. Be3 Bd6 18. Rad1 c5 19. h4 Rb8 20. b3 a5 21. Bd2 0-0 22. h5 a4 23. bxa4 Rb2 24. Rb1 Rfb8 25. Rxb2 Rxb2 26. Rh4 Rxa2 27. a5 Be5 28. Kd1 Ra1+ 1/2-1/2

[Event "IECC CL3-2009.02 email"]
[Site "IECC email"]
[Date "2009.03.28"]
[Round "?"]
[White "Ng, Willy C"]
[Black "Steamboat, Brian"]
[Result "0-1"]
[WhiteElo "1885"]
[BlackElo "1916"]
[PlyCount "46"]
[EventDate "2009.??.??"]
[EventType "tourn (corr)"]
[EventRounds "4"]
[SourceTitle "Corr 2011"]
[Source "ChessBase"]
[SourceDate "2010.08.31"]
[SourceVersion "1"]
[SourceVersionDate "2010.08.31"]
[SourceQuality "1"]
[WhiteTeam "Philippines"]
[BlackTeam "England"]
[WhiteTeamCountry "PHI"]
[BlackTeamCountry "ENG"]

1. e4 c5 2. Nf3 Nc6 3. Bb5 Nf6 4. Bxc6 dxc6 5. d3 Bg4 6. h3 Bh5 7. g4 Bg6 8. Ne5 Nd7 9. Bf4 Nxe5 10. Bxe5 c4 11. Qe2 h5 12. f3 f6 13. Bg3 hxg4 14. fxg4 Qb6 15. Nd2 Qxb2 16. Rb1 Qxc2 17. Rxb7 cxd3 18. Qd1 e5 19. Qb1 Bxe4 20. Rh2 Bd5 21. Rb8+ Rxb8 22. Qxb8+ Kf7 23. Qxa7+ Kg8 0-1

[Event "IECC CL3-2009.02 email"]
[Site "IECC email"]
[Date "2009.03.28"]
[Round "?"]
[White "Taner, Harun"]
[Black "Steamboat, Brian"]
[Result "1/2-1/2"]
[WhiteElo "1997"]
[BlackElo "1887"]
[PlyCount "47"]
[EventDate "2009.??.??"]
[EventType "tourn (corr)"]
[EventRounds "4"]
[SourceTitle "Corr 2011"]
[Source "ChessBase"]
[SourceDate "2010.08.31"]
[SourceVersion "1"]
[SourceVersionDate "2010.08.31"]
[SourceQuality "1"]
[WhiteTeam "Turkey"]
[BlackTeam "England"]
[WhiteTeamCountry "TUR"]
[BlackTeamCountry "ENG"]

1. b4 e5 2. Bb2 Bxb4 3. Bxe5 Nf6 4. c4 0-0 5. e3 d5 6. cxd5 Nxd5 7. Nf3 c5 8. Be2 Nc6 9. Bb2 Qe7 10. Qc2 Rd8 11. a3 Ba5 12. 0-0 Bg4 13. h3 Bh5 14. Nc3 Nxc3 15. Bxc3 Rac8 16. Rfd1 Bxc3 17. dxc3 Bg6 18. Qa4 h6 19. Rxd8+ Rxd8 20. Rd1 Rxd1+ 21. Qxd1 Qe6 22. Bb5 Ne5 23. Nxe5 Qxe5 24. Qb3 1/2-1/2

[Event "IECC M1-2009.T39"]
[Site "IECC email"]
[Date "2009.03.26"]
[Round "?"]
[White "Boyce, Harry"]
[Black "Steamboat, Brian"]
[Result "1/2-1/2"]
[WhiteElo "1700"]
[BlackElo "1892"]
[PlyCount "67"]
[EventDate "2009.??.??"]
[EventType "match (corr)"]
[EventRounds "2"]
[SourceTitle "Corr 2011"]
[Source "ChessBase"]
[SourceDate "2010.08.31"]
[SourceVersion "1"]
[SourceVersionDate "2010.08.31"]
[SourceQuality "1"]
[WhiteTeam "Australia"]
[BlackTeam "England"]
[WhiteTeamCountry "AUS"]
[BlackTeamCountry "ENG"]

1. d4 Nf6 2. c4 c5 3. Nf3 cxd4 4. Nxd4 e5 5. Nb5 d5 6. cxd5 Bc5 7. N1c3 0-0 8. g3 a6 9. Na3 Qb6 10. e3 Qc7 11. Nc2 e4 12. Nd4 Nbd7 13. Bg2 Re8 14. 0-0 Nb6 15. f3 Nbxd5 16. Nxd5 Nxd5 17. fxe4 Nf6 18. Bd2 Nxe4 19. Rc1 Nxd2 20. Qxd2 Qb6 21. a3 a5 22. Bd5 Be6 23. Bxe6 Rxe6 24. Rxc5 Qxc5 25. Nxe6 fxe6 26. Rc1 Qf5 27. Qc2 Rd8 28. Qxf5 exf5 29. Rc2 b5 30. Kf2 Rd3 31. Kf3 g6 32. h3 Rb3 33. g4 Kf7 34. gxf5 1/2-1/2